000 00576nam a22001817a 4500
003 OSt
008 260507b |||||||| |||| 00| 0 eng d
020 _a9788127267469
082 _a300.721
_bR26R
100 _aRay, G. L
245 _aResearch Methods in Social Sciences and Extension Education / by G. L. Ray and Sagar Mondal
250 _a3rd rev. and enlarged ed. reprint
260 _aLudhiana :
_bKalyani Publishers;
_c2025
300 _a330 p.
650 _aSocial Sciences | Research Methods | Extension Education
700 _a Mondal, Sagar
942 _2ddc
_cBK
999 _c50496
_d50496